000 00419nam a22001817a 4500
003 MPLRDC
005 20220104142904.0
008 210129b ||||| |||| 00| 0 eng d
082 _a191 MEZ
100 _a马尔兹著; 杜奇荣译
245 _a人生的大道
_c
250 _a初版
260 _a
_b林白出版社
_c1976
300 _b
490 _a林白丛书;59
650 _a
942 _cBK
_o191 MEZ
999 _c34568
_d34558